Application of Electronic Learning Tools for Training of Specialists in the Field of Information Technologies for Enterprises of Mineral Resources Sector

Poukázanie na výhody používania moderných elektronických učebných nástrojov pri odbornej príprave špecialistov v oblasti nerastných surovín. Náčrt základných princípov organizovania odbornej prípravy s využitím týchto nástrojov.

Salvato in:
Dettagli Bibliografici
Autore principale: Katuntsov, Evgeny V.
Altri autori: Kultan, Jaroslav, 1960-, Makhovnikov, Aleksei B.
Natura: Capitolo di libro
Lingua:inglese
Soggetti:
Tags: Aggiungi Tag
Nessun Tag, puoi essere il primo ad aggiungerne!!

MARC

LEADER 00000naa a2200000 4500
001 0258664
005 20260310085428.8
041 0 |a eng 
044 |a RU 
245 1 0 |a Application of Electronic Learning Tools for Training of Specialists in the Field of Information Technologies for Enterprises of Mineral Resources Sector  |c Evgeny V. Katuntsov, Jaroslav Kultan, Aleksei B. Makhovnikov 
520 |a Poukázanie na výhody používania moderných elektronických učebných nástrojov pri odbornej príprave špecialistov v oblasti nerastných surovín. Náčrt základných princípov organizovania odbornej prípravy s využitím týchto nástrojov. 
610 2 0 |a vzdelávanie elektronické 
610 2 0 |a technológie informačné 
610 2 0 |a suroviny nerastné 
610 2 0 |a podnik 
100 1 |a Katuntsov, Evgeny V. 
700 1 |a Kultan, Jaroslav, 1960- 
700 1 |a Makhovnikov, Aleksei B.